|
|
|
|
| LEADER |
00995cas a2200241 4500 |
| 001 |
00020981 |
| 008 |
101101s2007 bg w 000 0 eng d |
| 040 |
|
|
|a DLC
|c DLC
|d DLC
|d BD-DhAAL
|
| 082 |
0 |
0 |
|a 348/.5492/022
|2 21
|
| 222 |
|
0 |
|a Bangladesh Code
|
| 245 |
0 |
4 |
|a The Bangladesh Code
|
| 260 |
|
|
|a Dhaka :
|b Ministry of Law,Justice and Parliamentary Affairs,
|c 2007
|
| 362 |
0 |
|
|a Vol.XVII,1973-1973.
|
| 500 |
|
|
|a Act No.VIII of 1973 to Act No.XXXI of 1973.
|
| 500 |
|
|
|a Laws contained in this volume are up to date as of January,2007
|
| 500 |
|
|
|a Latest issue consulted: Vol.XVII,January 2007
|
| 541 |
|
|
|e 00020981
|
| 650 |
|
0 |
|a Law
|z Bangladesh.
|
| 710 |
1 |
|
|a Ministry of law,Justice and Parliamentary Affairs.
|
| 710 |
1 |
|
|a Government of the peoples republic of Bangladesh.
|
| 852 |
4 |
|
|a Ayesha Abed Library
|j General shelf
|
| 999 |
|
|
|c 9986
|d 9986
|
| 952 |
|
|
|0 0
|1 0
|2 ddc
|4 0
|6 348_549202200000000_BAN_2007
|7 0
|9 12971
|a BRACUL
|b SoL
|c REF
|d 2010-11-01
|l 0
|o 348.5492022 BAN
|p 3010020981
|r 2010-11-01
|t 1
|w 2010-11-01
|y CR
|